Muir's textbook of pathology / (Record no. 30746)
[ view plain ]
| 000 -LEADER | |
|---|---|
| fixed length control field | 01285nam a2200349 i 4500 |
| 001 - CONTROL NUMBER | |
| control field | 8168546 |
| 003 - CONTROL NUMBER IDENTIFIER | |
| control field | EG-ScBUE |
| 005 - DATE AND TIME OF LATEST TRANSACTION | |
| control field | 20240521123250.0 |
| 008 - FIXED-LENGTH DATA ELEMENTS--GENERAL INFORMATION | |
| fixed length control field | 030212t2014 flua f b 001 0 eng d |
| 020 ## - INTERNATIONAL STANDARD BOOK NUMBER | |
| International Standard Book Number | 9781444184990 |
| 035 ## - SYSTEM CONTROL NUMBER | |
| System control number | (OCoLC)ocn689811651 |
| 035 ## - SYSTEM CONTROL NUMBER | |
| System control number | 8168546 |
| 040 ## - CATALOGING SOURCE | |
| Original cataloging agency | NLM |
| Language of cataloging | eng |
| Description conventions | rda |
| Transcribing agency | NLM |
| Modifying agency | UKM |
| -- | BAKER |
| -- | NLGGC |
| -- | BTCTA |
| -- | BWKUK |
| -- | YDXCP |
| -- | CtY-M |
| 082 04 - DEWEY DECIMAL CLASSIFICATION NUMBER | |
| Classification number | 616.07 |
| Edition number | 22 |
| Item number | MUI |
| 245 00 - TITLE STATEMENT | |
| Title | Muir's textbook of pathology / |
| Statement of responsibility, etc | edited by C. Simon Herrington, professor of pathology, University of Dundee and Consultant Pathologist, Ninewells Hospital and Medical School, Dundee, UK. |
| 246 30 - VARYING FORM OF TITLE | |
| Title proper/short title | Textbook of pathology |
| 250 ## - EDITION STATEMENT | |
| Edition statement | Fifteenth edition. |
| 250 ## - EDITION STATEMENT | |
| Edition statement | International student edition. |
| 264 #1 - PUBLICATION, DISTRIBUTION, ETC. (IMPRINT) | |
| Place of publication, distribution, etc | Boca Raton, FL : |
| Name of publisher, distributor, etc | CRC Press, |
| Date of publication, distribution, etc | [2014] |
| 264 #4 - PUBLICATION, DISTRIBUTION, ETC. (IMPRINT) | |
| Date of publication, distribution, etc | c2014 |
| 300 ## - PHYSICAL DESCRIPTION | |
| Extent | viii, 592 pages : |
| Other physical details | illustrations (some color) ; |
| Dimensions | 28 cm. |
| 336 ## - CONTENT TYPE | |
| Source | rdacontent |
| Content type term | text |
| Content type code | txt |
| 337 ## - MEDIA TYPE | |
| Source | rdamedia |
| Media type term | unmediated |
| Media type code | n |
| 338 ## - CARRIER TYPE | |
| Source | rdacarrier |
| Carrier type term | volume |
| Carrier type code | nc |
| 504 ## - BIBLIOGRAPHY, ETC. NOTE | |
| Bibliography, etc | Includes bibliographical references and index. |
| 650 #7 - SUBJECT ADDED ENTRY--TOPICAL TERM | |
| Topical term or geographic name as entry element | Pathology. |
| Source of heading or term | BUEsh |
| 653 ## - INDEX TERM--UNCONTROLLED | |
| Arrived date list | May2024 |
| Resource For college | Physical Therapy |
| 655 ## - INDEX TERM--GENRE/FORM | |
| Form subdivision | Reading book |
| 700 1# - ADDED ENTRY--PERSONAL NAME | |
| Personal name | Levison, David A. |
| Fuller form of name | (David Annan), |
| Dates associated with a name | 1944- |
| Relator term | editor. |
| 700 12 - ADDED ENTRY--PERSONAL NAME | |
| Personal name | Muir, Robert, |
| Titles and other words associated with a name | Sir, |
| Dates associated with a name | 1864-1959. |
| Title of a work | Textbook of pathology. |
| 942 ## - ADDED ENTRY ELEMENTS (KOHA) | |
| Source of classification or shelving scheme | Dewey Decimal Classification |
| Koha item type | Book - Borrowing |
| Withdrawn status | Lost status | Source of classification or shelving scheme | Damaged status | Not for loan | Collection code | Home library | Current library | Shelving location | Date acquired | Source of acquisition | Cost, normal purchase price | Serial Enumeration / chronology | Total Checkouts | Full call number | Barcode | Date last seen | Cost, replacement price | Price effective from | Koha item type |
|---|---|---|---|---|---|---|---|---|---|---|---|---|---|---|---|---|---|---|---|
| Dewey Decimal Classification | Baccah | Central Library | Central Library | First floor | 21/05/2024 | Purchase | 269.00 | 38223 | 616.07 MUI | 000057100 | 15/07/2025 | 336.00 | 21/05/2024 | Book - Borrowing |